000 00599nam a2200181Ia 4500
008 090201s9999 xx 000 0 und d
010 _aKPL-65124
040 _bमराठी
041 _aमराठी
082 _a5250
_b65124
100 _aहेमंत कर्णिक
245 _aदुष्काळ आवडे सर्वांना
_cहेमंत कर्णिक
260 _c2004
_bअक्षर प्रकाशन
300 _a352
300 _bमोठा
600 _aदुष्काळ आवडे सर्वांना
942 _cBOOK
999 _c206207
_d206207